| 000 | 01298nam a2200349 a 4500 | ||
|---|---|---|---|
| 001 | 000108940 | ||
| 003 | CHAP | ||
| 005 | 20220329144030.0 | ||
| 008 | 140324s2013 mx a sm |||||||spa d | ||
| 010 | _a105402 | ||
| 011 | _a106374 | ||
| 040 | _cCHAP | ||
| 090 | _aTesis | ||
| 100 | 1 |
_aZavala Beltrán, José Ines _9126032 |
|
| 245 | 1 | 0 |
_aMercados potenciales de miel de abeja _h[En línea] _cpor José Ines Zavala Beltrán. |
| 260 |
_aChapingo, Méx. : _bEl autor., _c2013. |
||
| 500 | _aPara ver el contenido del material haga clic en la liga | ||
| 502 | _aTesis (Lic. en Comercio Internacional de Productos Agropecuarios) -- UACH. División de Ciencias Económico Administrativas | ||
| 590 |
_aBATCH-UPD _b05 _c20140324 _lUCH01 _h1537 |
||
| 590 |
_aBATCH-UPD _b05 _c20141002 _lUCH01 _h0858 |
||
| 590 |
_aE5652GLJ _b05 _c20140324 _lUCH01 _h0931 |
||
| 590 |
_aE5652GLJ _b05 _c20140324 _lUCH01 _h0931 |
||
| 590 |
_aE5652GLJ _b05 _c20141029 _lUCH01 _h1234 |
||
| 650 | 1 | 4 |
_aMiel de abejas _xExportación. _975566 |
| 650 | 1 | 4 |
_aMiel de abejas _xMercadeo. _975567 |
| 650 | 1 | 4 |
_aMiel de abejas _xNormas de calidad. _975568 |
| 650 | 1 | 4 |
_aMiel de abejas _xProducción. _975569 |
| 856 |
_aFinding aid _uhttp://10.13.5.2/tesis/sist108940.pdf _zTeclea aquí |
||
| 901 | _aBK | ||
| 942 | _cTESIS | ||
| 942 | _n0 | ||
| 999 |
_c105402 _d105402 |
||